Znalostný manažment ako podstatný determinant udržateľnosti konkurencieschopnosti podniku

Súvislosti medzi implementáciou princípov znalostného manažmentu v podniku a tvorbou udržateľnej konkurenčnej výhody.

Uložené v:
Podrobná bibliografia
Hlavný autor: Miklošík, Andrej
Ďalší autori: Hvizdová, Eva, ml, Žák, Štefan, 1971-
Médium: Kapitola
Jazyk:Slovak
Predmet:
Tagy: Pridať tag
Žiadne tagy, Buďte prvý, kto otaguje tento záznam!

MARC

LEADER 00000naa a2200000 4500
001 0164429
005 20240502072853.4
041 0 |a slo 
044 |a SK 
245 1 0 |a Znalostný manažment ako podstatný determinant udržateľnosti konkurencieschopnosti podniku  |c Andrej Miklošík, Eva Hvizdová ml., Štefan Žák 
520 |a Súvislosti medzi implementáciou princípov znalostného manažmentu v podniku a tvorbou udržateľnej konkurenčnej výhody. 
610 2 0 |a inovácia 
610 2 0 |a konkurencieschopnosť 
610 2 0 |a podnik 
610 2 0 |a výhody konkurenčné 
610 2 0 |a manažment znalostný 
100 1 |a Miklošík, Andrej 
700 1 |a Hvizdová, Eva, ml. 
700 1 |a Žák, Štefan, 1971-